| 000 | 00768nam a22001937a 4500 | ||
|---|---|---|---|
| 999 |
_c15163 _d15163 |
||
| 003 | OSt | ||
| 082 | _2631.75807 PAR/DE | ||
| 088 | _aP 270 | ||
| 100 |
_aPARVATHY MENON _93694 |
||
| 245 | _aDevelopment of methodologies for the complete utilization ofo poultry abattoir waste | ||
| 260 |
_aTavanur 2013 _bDepartment of Land and Water Resources & Conservation Eng i- neering |
||
| 300 | _a48 | ||
| 500 | _aDevelopment of methodologies for the complete utilization ofo poultry abattoir waste | ||
| 520 | _aDevelopment of methodologies for the complete utilization ofo poultry abattoir waste | ||
| 700 |
_aRahul S. Warrier _93695 |
||
| 700 |
_aEr. Vishnu B (Guide) _93355 |
||
| 856 | _uhttps://drive.google.com/open?id=1XUPhI5T7q4ZJkj3ai2WtXqDOWdaaS_UC | ||
| 942 | _cPR | ||